01221nam a2200253 a 450000100100000000500170001000800410002702000180006804000250008608200180011110000310012924501470016026000360030730000370034350000570038059000260043765000360046370000460049991000380054595201300058395201160071395201210082999900170095000003050620210616135554.0110523s2011 dr r 000 0cspa d a9789945164060 aDO-SdBNPbspacBNPHU a796.83bN714m1 aNina Gómez, Carlos9649213aLa maravillosa historia del boxeo mundial :blos 50 años más grandes combates /cCarlos Nina Gómez ; prólogo José Oscar Fernández. aSanto Domingo :bBúho,c2011. a561 p. :bil. , retrs. ;c23 cm. aIncluye datos biográficos del autor en las solapas aInventariado, 2018/BT 4aBoxeadoresxBiografías92094612aOscar Fernández, Joséepról.957128 aValidado. Control de calidad. MFF 001054708DSaGRbGRcHDd2011-05-23iLF1l0o796.83 N714mp30506-30r2020-06-25te.3w2020-06-25yLFDSZPréstamo en sala 0010718PDaPDbPDcHDd2011-05-23iLF1l0o796.83 N714mp30506-10r2020-06-25w2020-06-25yLFPDZNo se presta 0010718PDaPDbPDcHDd2011-05-23iLF1l0o796.83 N714mp30506-20r2020-06-25te.2w2020-06-25yLFPDZNo se presta c29998d29998